Statistics for Final Fantasy Jobs

Click here to take the quiz!

General Stats

  • This quiz has been taken 155 times
  • The average score is 47 of 190

Answer Stats

Job% Correct
White Mage
98%
Red Mage
96%
Black Mage
95%
Summoner
91%
Thief
89%
Dragoon
85%
Knight
83%
Warrior
83%
Blue Mage
82%
Ninja
82%
Monk
79%
Samurai
79%
Bard
77%
Dark Knight
73%
Paladin
72%
Archer
68%
Dancer
66%
Time Mage
65%
Fighter
61%
Chemist
54%
Geomancer
54%
Gunner
54%
Lancer
54%
Green Mage
52%
Magus
52%
Sage
51%
Necromancer
50%
Alchemist
49%
Beastmaster
49%
Berserker
49%
Soldier
48%
Gladiator
46%
Onion Knight
46%
Mime
45%
Ranger
45%
Black Wizard
44%
White Wizard
44%
Red Wizard
41%
Scholar
41%
Wizard
41%
Assassin
40%
Hunter
39%
Oracle
38%
Master
37%
Engineer
35%
Viking
35%
Holy Knight
34%
Machinist
34%
Mystic
34%
Pirate
34%
Squire
34%
Arcanist
33%
Rogue
33%
Priest
32%
Freelancer
30%
Sniper
29%
Cannoneer
28%
Black Belt
27%
Gambler
27%
Sorcerer
27%
Blacksmith
26%
Conjurer
26%
Defender
26%
Mystic Knight
26%
Bishop
24%
Fencer
24%
Mog Knight
24%
Moogle Knight
24%
Templar
24%
Chocobo Knight
23%
Evoker
23%
Ravager
23%
Medic
22%
Pugilist
22%
Astrologer
21%
Astrologian
21%
Calculator
21%
Elementalist
21%
Guard
21%
Guardian
21%
Hero
21%
Sky Pirate
21%
Devout
20%
Fisher
20%
Marauder
20%
Seer
20%
Arithmetician
18%
Armorer
18%
Illusionist
18%
Musician
18%
Saboteur
18%
Vampire
18%
Animist
17%
Druid
17%
Juggler
17%
Mascot
17%
Mediator
17%
Miner
17%
Sentinel
17%
Swordmaster
17%
Botanist
16%
Commando
16%
Sword Saint
16%
Carpenter
15%
Orator
15%
Thaumaturge
15%
Trickster
15%
White Monk
15%
Flintlock
13%
Goldsmith
13%
Lanista
13%
Leatherworker
13%
Master Monk
13%
Morpher
13%
Parivir
13%
Shaman
13%
Synergist
13%
Weaver
13%
Dragonkin
12%
Puppetmaster
12%
Spellblade
12%
Tinker
12%
Adventurer
11%
Bandit
11%
Culinarian
11%
Fusilier
11%
Game Hunter
11%
Performer
11%
Raptor
11%
Valkyrie
11%
Corsair
10%
Merchant
10%
Skyseer
10%
Uhlan
10%
Divine Knight
9%
Dragoner
9%
Gadgeteer
9%
Heaven Knight
9%
Holy Swordsman
9%
Agent
7%
Air Samurai
7%
Heritor
7%
Jobless
7%
Judgemaster
7%
Navigator
7%
Temple Knight
7%
Ace
6%
Magitek Elite
6%
Salve-Maker
6%
Savior
6%
Scribe
6%
Seamstress
6%
Siegbert
6%
Sophie
6%
Spell Fencer
6%
Time Traveler
6%
Breaker
5%
Cactuar
5%
Chariot
5%
Emperor
5%
Exorcist
5%
Hermetic
5%
Keeper
5%
Lien Nea
5%
Mail Knight
5%
Mini Fighter
5%
Party Host
5%
Patissier
5%
Piane
5%
Piscodemon
5%
Runeseeker
5%
Seven Heroes
5%
Spiritmaster
5%
Storyteller
5%
Bouncer
4%
Cassie
4%
Cat Master
4%
Dark Fencer
4%
Familiar
4%
Guardian Corps
4%
Iron Giant
4%
Memorist
4%
Shadow Hunter
4%
Tiamat
4%
Tomahawk
4%
Wayfarer
4%
Kitsune
2%
Nightshade
2%
Rune Fencer
2%
Natural
1%

Score Distribution

Percentile by Number Answered

Percent of People with Each Score

Your Score History

You have not taken this quiz